000 01041nam a22002411 4500
001 he 67000081
003 DLC
005 20260227111443.0
008 850321s1964 is a b f00010 eng
010 _ahe 67000081 //r85
040 _aDLC/ICU
_cICU
041 1 _aengrus
043 _ae-ur---
050 0 _aQH91
_b.I8713
100 1 0 _aIzhevskiĭ, G. K.
_q(Georgii Konstantinovich)
240 1 0 _aOkeanologicheskie osnovy formirovanii͡a promyslovoĭ produktivnosti moreĭ.
_lEnglish
245 1 0 _aOceanological principles as related to the fishery productivity of the seas.
_bOkeanologicheskie osnovy formirovaniya promyslovoi produktivnosti morei
_c[by] G.K. Izhevskii. Translated from Russian [by A. Birron and Z.S. Cole].
260 0 _aJerusalem,
_bIsrael Program for Scientific Translations; [available from the Office of Technical Services, U.S. Dept. of Commerce, Washington]
_c1964.
300 _a186 p.
_billus.
_c25 cm.
504 _aBibliography: p. 174-186.
650 0 _aMarine biology.
650 0 _aFisheries
_zSoviet Union.
999 _c32080
_d32080